Central banking technical assistance to countries in transition papers and proceedings of meeting of donor and recipient central banks and international institutions

Salvato in:
Dettagli Bibliografici
Natura: Libro
Lingua:inglese
Pubblicazione: Washington, D.C. IMF 1994
Soggetti:
Tags: Aggiungi Tag
Nessun Tag, puoi essere il primo ad aggiungerne!!

MARC

LEADER 00000nam$a2200000$$$4500
001 0011373
005 20240104132638.3
020 |a 1-55775-446-2 
041 0 |a eng 
044 |a US 
245 1 0 |a Central banking technical assistance to countries in transition  |b papers and proceedings of meeting of donor and recipient central banks and international institutions 
264 1 |a Washington, D.C.  |b IMF  |c 1994 
300 |a 156 s. 
610 2 0 |a bankovníctvo 
610 2 0 |a banky 
610 2 0 |a banky centrálne 
610 2 0 |a organizácie finančné 
610 2 0 |a SVE 
610 2 0 |a Spoločenstvo nezávislých štátov 
610 2 0 |a svet 
610 2 0 |a organizácie ekonomické medzinárodné